01543nkm a2200325 i 45000010005000000030009000050050017000140070006000310080041000371000024000782450064001022600029001663000039001954900064002345000035002985110102003335180290004356000033007256000019007586000026007776000029008036100064008327100022008967100038009187100034009567100043009908300064010338520027010978560093011243247ES-MaACL20250824234602.0khrbo050926s1983 sp --- g |001||spa d0 aAlfonso,d1902-199013aLa novela intelectual [hFotografía] / cAlfonso (sello). a[S.l. : bs.n.], c1983. a4 fot. : bb. y n. ; c12 x 18 cm.1 aPrimeras conversaciones sobre narrativa española última aDatos basados en invitación.0 aIntervienen: Fernando Sánchez Dragó, Rafael Conte, Soledad Puertolas, Antonio Bestard Fornis. aActo organizado por el Ateneo de Madrid, en colaboración con el Ministerio de Cultura, la Comunidad Autónoma de Madrid y el Instituto Nacional del Libro Español, dirigido por Antonio Bestard Fornis, celebrado en el salón de actos el lunes, 24 de octubre de 1983, a las 19:30 h.14aSánchez Dragó, Fernando.14aConte, Rafael.14aPuértolas, Soledad.14aBestard Fornis, Antonio.24aAteneo de Madrid-xActos culturales-y1983-vFotografías.2 aAteneo de Madrid.1 aEspaña. bMinisterio de Cultura1 aMadrid (Comunidad Autónoma)2 aInstituto Nacional del Libro Español0 aPrimeras conversaciones sobre narrativa española última aES-MaACLjFOT 113/19834 uhttp://www.ateneodemadrid.net/biblioteca_digital/imagenes/1983/0113-1983.jpgzVer imagen